Statistiques concernant Capitales les plus proches d’Amsterdam - Sprint de 15 secondes

Cliquez ici pour prendre le quiz!

Statistiques générales

  • Ce quiz a été pris 56 fois
  • Le résultat moyen est 5 sur 20

Statistiques - réponses

kmcapitale% Correct
430Paris
98%
173Bruxelles
81%
578Berlin
79%
358Londres
67%
622Copenhague
58%
319Luxembourg
35%
914Oslo
33%
631Berne
19%
1125Stockholm
14%
713Prague
12%
756Dublin
9%
936Vienne
9%
1098Varsovie
7%
670Vaduz
5%
1126Andorre-la-Vieille
2%
987Bratislava
2%
989Ljubljana
0%
979Monaco
0%
1091Saint-Marin
0%
1086Zagreb
0%

Distribution des résultats

Percentile par nombre de réponses

% des personnes avec chaque résultat

Votre développement - résultats

Vous n’avez pas pris ce quiz